| 000 | 00627nam a2200217Ia 4500 | ||
|---|---|---|---|
| 005 | 20241129104253.0 | ||
| 008 | 241129s9999||||xx |||||||||||||| ||und|| | ||
| 020 | _a9780262045391 | ||
| 037 | _aTextual | ||
| 040 |
_aRTL _beng _cRTL |
||
| 041 |
_aeng _2eng |
||
| 084 |
_aY15:3 R1 _qRTL |
||
| 100 |
_aKuliscioff Anna _9725533 |
||
| 245 | 0 |
_aMonopoly of Man _cKuliscioff Anna |
|
| 260 |
_aUSA _bMassachusetts Institute of Technology Publishing _c2021 |
||
| 300 | _axlvi,67p. | ||
| 365 |
_aINR _bRs.1415.16 |
||
| 650 |
_aWomen social conditions _917365 |
||
| 942 |
_cTB _hY15:3 R1 |
||
| 999 |
_c1225157 _d1225157 |
||